Crisis afina ingenio femenino /
Señala que cuando la crisis económica se agudiza, por diferentes razones, la mujer se proyecta como nueva mano de obra, dispuesta a trabajar para aumentar el ingreso familiar: ellas crean nuevas empresas, como cooperativas. Sin embargo, muchas de éstas fallan por falta de organización, así como por...
Wedi'i Gadw mewn:
| Prif Awdur: | |
|---|---|
| Fformat: | Texto |
| Pynciau: | |
| Tagiau: |
Ychwanegu Tag
Dim Tagiau, Byddwch y cyntaf i dagio'r cofnod hwn!
|
MARC
| LEADER | 00000 a a2200000 04500 | ||
|---|---|---|---|
| 001 | 1684 | ||
| 003 | |||
| 040 | |||
| 100 | |a Aguilar, Thais | ||
| 245 | |a Crisis afina ingenio femenino / |c Thais Aguilar | ||
| 520 | |a Señala que cuando la crisis económica se agudiza, por diferentes razones, la mujer se proyecta como nueva mano de obra, dispuesta a trabajar para aumentar el ingreso familiar: ellas crean nuevas empresas, como cooperativas. Sin embargo, muchas de éstas fallan por falta de organización, así como por la rápida saturación del mercado, la baja calidad del producto y por las trabas comerciales (problemas de comercialización). A pesar de lo anterior, algunas de las empresas sobreviven y se convierten en organizaciones que posibilitan el ahorro personal, la capacitación laboral, el aumento de la participación popular y promueve bienes y servicios personales. Enfatiza en que, por su misma naturaleza, essas empresas son muy sensibles y vulnerables a los avatares económicos. OB/eb | ||
| 650 | |a MUJERES | ||
| 650 | |a RECESION ECONOMICA | ||
| 650 | |a ASALARIADOS | ||
| 650 | |a ZONAS RURALES | ||
| 650 | |a EMPLEO | ||
| 650 | |a COMERCIO | ||
| 650 | |a RECURSOS FINANCIEROS | ||
| 650 | |a ORGANIZACIONES FEMENINAS | ||
| 773 | |g número 38; páginas 18 | ||
| 999 | |c 34598 |d 34598 | ||
